书目信息 |
| 题名: |
塑料门窗及相关标准汇编
|
|
| 作者: | ;中国标准出版社 , 中国建筑金属结构协会塑料门窗委员会 编 | |
| 分册: | ||
| 出版信息: | 北京 中国标准出版社 2006.09 |
|
| 页数: | 790页 | |
| 开本: | 30cm | |
| 丛书名: | ||
| 单 册: | ||
| 中图分类: | TU532-65 | |
| 科图分类: | ||
| 主题词: | 塑料制品--su liao zhi pin--门--标准--中国--汇编 , 塑料制品--su liao zhi pin--窗--标准--中国--汇编 | |
| 电子资源: | ||
| ISBN: | 7-5066-4111-9 | |
| 000 | 01302nam0 2200265 450 | |
| 001 | 012007044847 | |
| 005 | 20071228101902.70 | |
| 010 | @a7-5066-4111-9@dCNY198.00 | |
| 100 | @a20071228d2006 km y0chiy0120 ea | |
| 101 | 0 | @achi |
| 102 | @aCN@b110000 | |
| 105 | @aa z 000yy | |
| 106 | @ar | |
| 200 | 1 | @a塑料门窗及相关标准汇编@Asu liao men chuang ji xiang guan biao zhun hui bian@f中国标准出版社, 中国建筑金属结构协会塑料门窗委员会编@Fzhong guo biao zhun chu ban she,zhong guo jian zhu jin shu jie gou xie hui su liao men chuang wei yuan hui bian |
| 205 | @a第2版 | |
| 210 | @a北京@c中国标准出版社@d2006.09 | |
| 215 | @a790页@c图@d30cm | |
| 330 | @a本书收集了截止至2006年3月底前批准发布的现行标准93项,其中国家标准55项,建筑工业行业标准31项,轻工行业标准7项。内容包括:门窗基础标准、塑料门窗标准、塑料门窗用用配件和设备、塑料门窗密封、塑料门窗用玻璃、材料试验和其他标准等。 | |
| 606 | 0 | @a塑料制品@Asu liao zhi pin@x门@x标准@y中国@j汇编 |
| 606 | 0 | @a塑料制品@Asu liao zhi pin@x窗@x标准@y中国@j汇编 |
| 690 | @aTU532-65@v4 | |
| 711 | 02 | @a中国标准出版社@Azhong guo biao zhun chu ban she@4编 |
| 711 | 02 | @a中国建筑金属结构协会塑料门窗委员会@Azhong guo jian zhu jin shu jie gou xie hui su liao men chuang wei yuan hui@4编 |
| 801 | 0 | @aCN@bQSSK@c20071228 |
| 905 | @b273462@dTU532-65@eZ552@f1 | |
| 塑料门窗及相关标准汇编/中国标准出版社, 中国建筑金属结构协会塑料门窗委员会编.-第2版.-北京:中国标准出版社,2006.09 |
| 790页:图;30cm |
| ISBN 7-5066-4111-9:CNY198.00 |
| 本书收集了截止至2006年3月底前批准发布的现行标准93项,其中国家标准55项,建筑工业行业标准31项,轻工行业标准7项。内容包括:门窗基础标准、塑料门窗标准、塑料门窗用用配件和设备、塑料门窗密封、塑料门窗用玻璃、材料试验和其他标准等。 |
| ● |
| 相关链接 |
|
|
|
正题名:塑料门窗及相关标准汇编
索取号:TU532-65/Z552
 
预约/预借
| 序号 | 登录号 | 条形码 | 馆藏地/架位号 | 状态 | 备注 |
| 1 | 273462 | 202734620 | 建筑库201/201建筑库 9排1列5层/ [索取号:TU532-65/Z552] | 在馆 |